000 00813cam a22002055a 4500
001 L141181
008 071102s1870 xxk eng u
035 _a(Sirsi) u141181
041 0 _aeng
100 1 _aFurber, J.
245 0 0 _aParticulars and conditions of sale of a leasehold dwelling house being no. 1 Clifton Place, Sussex Square...which will be sold by auction by Mr J. Furber (in conjunction with Messrs. G. Head and Co.) at the Auction Mart, Tokenhouse Yard on Thursday June 9th 1870...
260 _aS.l.
_bs.n.
_c[1870]
300 _a2 leaves
_c41 x 26 cm., folded to 26 x 21 cm.
340 _aPrinted
351 _cSingle item
651 4 _aLondon
690 _aPROPERTY-PROPERTY ACQUISITION AND DISPOSAL-ACQUISITION AND DISPOSAL AT AUCTION
710 2 _aG. Head and Co.
_95438
942 _n0
999 _c116646
_d116646